01632 a2200169 45000010006000000050017000060080041000230030015000640400040000790800035001192450058001542640047002123000019002595051133002781000027014117000024014383000520260407155611.0260407a1963 arg spa dAR-UNSa-BCEJYS aAR-UNSa-BCEJYSbspacAR-UNSa-BCEJYS a657.47xContabilidad de Costos10aCostosporganización y contabilidad en la industria 1aBuenos Aires :bSelección Contablec1963 a344 p.c23 cm. a1. Nociones sobre los costos - 2. Componentes del costo - 3. Sistemas y finalidades de la contabilidad de costos - 4. Contabilidad de costos y contabilidad general - 5. Plan de cuentas de una industria que lleva contabilidad de costos - 6. Organización industrial y contabilidad de costos - 7. Costos de los materiales de la producción industrial - 8. Control de los materiales de producción - 9. Compra de materiales - 10. Almacenaje de los materiales de producción - 11. Registro contable de los materiales - 12. Costo y control de la mano de obra - 13. Registros contables y extracontables de la mano de obra - 14. Costos industriales generales indirectos estudios preliminares de control y sus medidas en relación al costo de producción - 15. Costos industriales generales distribución en sus diversos aspectos y registros de control - 16. Registración y análisis de la distribución de los costos industriales - 17. Aplicación de las cargas de los costos generales de producción - 18. Variaciones en la aplicación de las cargas a la producción - Apéncide: El balance en las empress industriales1 aLópes de Sa, Antonio1 aFernández, Manuel